| 000 | 00776nam a2200241 a 4500 | ||
|---|---|---|---|
| 001 | 000014607 | ||
| 005 | 20200929163856.0 | ||
| 008 | 100115s1995 pe 000 0bspa d | ||
| 020 | _a848389601X | ||
| 040 |
_aDO-SdBNP _bspa _cBNPHU |
||
| 082 |
_a923.1 _bI36V |
||
| 100 | 1 |
_aVega, Juan José, _d1932-2003 _933076 |
|
| 245 | 1 | 0 |
_aManco Inca / _cJuan José Vega. |
| 260 |
_aLima, Perú : _bBrasa, _c1995. |
||
| 300 |
_a122, [5] p. ; _c21 cm. |
||
| 490 | 1 |
_aForjadores del perú _v1 |
|
| 600 | 1 | 4 |
_aINCA, MANCO, _d1515-1545 _xBIOGRAFÍAS _933077 |
| 650 | 4 |
_aEmperadores peruanos _932970 |
|
| 650 | 4 |
_aPerú _xHistoria _ySIGLO XVI _933078 |
|
| 650 | 4 |
_aPerú _xHistoria _xSublevación de manco inca, _y1536-1537 _933079 |
|
| 830 | 0 |
_aForjadores del perú ; _v1 _933080 |
|
| 049 | _aBNGR | ||
| 999 |
_c14192 _d14192 |
||